| 000 | 00973cab a2200301 4500 | ||
|---|---|---|---|
| 001 | ABS61052 | ||
| 008 | 090401t1999 xxu||||| |||| 00| 0 eng d | ||
| 035 | _a(Sirsi) u70 | ||
| 041 | _aeng | ||
| 100 | _aSatchell, S. | ||
| 245 | 2 | _aA matter of interest. | |
| 260 | _c1999 | ||
| 350 | _a0 | ||
| 490 |
_aEstates Gazette _v(9931) 7 August 1999, 80-81(2) |
||
| 520 | _aLooks at the powers granted to arbitrators under the 1996 Arbitration Act, such as the awarding of interest on increases of rent and the costs of arbitration proceedings. | ||
| 650 | _aARBITRATION ACT 1996 | ||
| 650 | _aARBITRATION PROCEEDINGS | ||
| 650 | _aARBITRATORS | ||
| 650 | _aCOSTS | ||
| 650 | _aINTEREST | ||
| 650 | _aRENT INCREASES | ||
| 650 | _aRENT REVIEW DISPUTES | ||
| 690 | _aMANAGEMENT-DISPUTE AVOIDANCE, MANAGEMENT AND RESOLUTION-DISPUTE MANAGEMENT AND RESOLUTION-ARBITRATION | ||
| 700 | _aFetherstonhaugh, G. | ||
| 700 | _aLines, S. | ||
| 942 | _n0 | ||
| 948 | _c31/08/1999 | ||
| 999 |
_c27 _d27 |
||